study on the wood level scheduled to the plan cutting off from forest - concession companies for local consumtion (សិក្សាកំរិតកំណត់បរិមាណឈើដែលត្រូវកាត់ផែនការពីបណ្តាក្រុមហ៊ុន ព្រៃសម្បទានដើម្បីប្រើប្រាស់ក្នុងប្រស់ក្នុងស្រុក) (Record no. 3157)

000 -LEADER
fixed length control field 00792nam a22001577a 4500
003 - CONTROL NUMBER IDENTIFIER
control field OSt
005 - DATE AND TIME OF LATEST TRANSACTION
control field 20151105104002.0
008 - FIXED-LENGTH DATA ELEMENTS--GENERAL INFORMATION
fixed length control field 151105b xxu||||| |||| 00| 0 eng d
040 ## - CATALOGING SOURCE
Transcribing agency RUA
082 ## - DEWEY DECIMAL CLASSIFICATION NUMBER
Classification number FOR SUM 1997 B124 Or.1
100 ## - MAIN ENTRY--PERSONAL NAME
9 (RLIN) 3384
Personal name SUM, SOVATHA.
245 ## - TITLE STATEMENT
Title study on the wood level scheduled to the plan cutting off from forest - concession companies for local consumtion (សិក្សាកំរិតកំណត់បរិមាណឈើដែលត្រូវកាត់ផែនការពីបណ្តាក្រុមហ៊ុន ព្រៃសម្បទានដើម្បីប្រើប្រាស់ក្នុងប្រស់ក្នុងស្រុក)
260 ## - PUBLICATION, DISTRIBUTION, ETC. (IMPRINT)
Place of publication, distribution, etc. Phnom Penh
Name of publisher, distributor, etc. RUA
Date of publication, distribution, etc. 1997
300 ## - PHYSICAL DESCRIPTION
Extent 57p.
Other physical details ill.
Dimensions 29cm.
942 ## - ADDED ENTRY ELEMENTS (KOHA)
Source of classification or shelving scheme
Koha item type FOR
Holdings
Price effective from Date last seen Permanent Location Not for loan Date acquired Source of classification or shelving scheme Koha item type Barcode Lost status Damaged status Shelving location Withdrawn status Current Location Full call number
2015-11-052015-11-05Library Block B 2015-11-05 FORRUA010901  B124 Library Block BFOR SUM 1997 B124 Or.1
2015-11-052015-11-05Library Block B 2015-11-05 FORRUA010914  B124 Library Block BFOR SUM 1997 B124 Or.2
2015-11-052015-11-05Library Block B 2015-11-05 FORRUA010912  B124 Library Block BFOR SUM 1997 B124 Or.3
2015-11-052015-11-05Library Block B 2015-11-05 FORRUA010611  B124 Library Block BFOR SUM 1997 B124 Or.4
2015-11-062015-11-06Library Block B 2015-11-06 FORRUA027733  B124 Library Block BFOR SUM 1997 B124 Or.5
មជ្ឈមណ្ឌលឯការនៃសាកលវិទ្យាល័យភូមិន្ទកសិកម្មចំការដូង

Powered by Koha